000 00586nam a2200217Ia 4500
005 20250108125047.0
008 008 250107s9999 xx 000 0 eng d
037 _aTB
040 _aCRL
_beng
_cCRL
041 _aeng
_2eng
084 _aΔ2wM P6
084 _qCRL
100 _aSarban Singh
_9730360
245 0 _aDream journey: reminiscences of an IAS officer
_cSarban Singh
260 _aDelhi, India
_bWhite Falcon Publications
_c3184
300 _axxxi,274p.
365 _aINR
_b595
650 _aHISTORY
942 _cTB
_hΔ2wM P6
999 _c1235572
_d1235572